000 00835nam a2200265 a 4500
008
020 _a9780128169384 (paperback)
040 _aNUST
_cNUST
049 _aMAIN
090 _aTP620
_bTRE
245 1 0 _aTrends in non-alcoholic beverages/
_cedited by Charis M Galanakis.
260 _aLondon :
_bAcademic Press,
_c2020.
300 _axviii, 383 pages :
_billustrations ;
_c24 cm.
336 _atext
_btxt
_2rdacontent
337 _aunmediated
_bn
_2rdamedia
338 _avolume
_bnc
_2rdacarrier
500 _aIncludes index.
504 _aIncludes bibliographical references.
650 1 _aNon-alcoholic beverages.
700 _aGalanakis, Charis M.,
_aeditor.
907 _a.b10403966
_b07-06-21
_c07-06-21
003
005 20230123141201.0
942 _cBOOKS
_kTP620
_mTRE
999 _c169098
_d169098